00383nam a22001217a 4500999001700000082001500017100002200032245005800054260003200112300001100144942000700155952009900162 c64847d64844 a297.63 ASL aمحمد اسلم aرسول اللہ کی زرعی منصوبُ بندی aراو لپندیc۱۹۸۶ a۲۲۸ cBK 00104070aREFbREFd2019-07-02l0o297.63 ASL (Shelf -19D)pR16556r2019-07-02 00:00:00yBK